Развитие хозрасчетных отношений на промышленном предприятии: опыт и проблемы

Podrobná bibliografie
Korporativní autor: Академия наук Украины (АНУ) Институт экономики промышленности (ИЭП)
Shrnutí:Исключено из фонда НТБ ТПУ
Jazyk:ruština
Vydáno: Киев, Наукова думка, 1993
Médium: MixedMaterials Kniha
KOHA link:https://koha.lib.tpu.ru/cgi-bin/koha/opac-detail.pl?biblionumber=73819

MARC

LEADER 00000nam0a2200000 4500
001 73819
005 20231031084758.0
010 |a 5120039057 
035 |a (RuTPU)RU\TPU\book\78752 
090 |a 73819 
100 |a 20050222d1993 km y0rusy50 ca 
101 0 |a rus 
102 |a UA 
105 |a y z 001zy 
200 1 |a Развитие хозрасчетных отношений на промышленном предприятии: опыт и проблемы  |f Академия наук Украины; Институт экономики промышленности 
210 |a Киев  |c Наукова думка  |d 1993 
215 |a 222 с. 
333 |a Исключено из фонда НТБ ТПУ 
712 0 2 |a Академия наук Украины (АНУ)  |b Институт экономики промышленности (ИЭП)  |c (Донецк) 
801 1 |a RU  |b 63413507  |c 20050222  |g PSBO 
801 2 |a RU  |b 63413507  |c 20220428  |g RCR 
942 |c BK